| 000 | 00539nam a2200169 a 4500 | ||
|---|---|---|---|
| 001 | 000026936 | ||
| 005 | 20200930030511.0 | ||
| 008 | 110328s2012 dr r 000 | spa d | ||
| 020 | _a9789945489101 | ||
| 040 |
_aDO-SdBNP _bspa _cBNPHU |
||
| 082 |
_axxxx _bxxxx |
||
| 100 | 1 |
_aAbreu Luna, Ramón Eloy _954036 |
|
| 245 | 1 | 3 |
_aÁngeles censurados : _bpoesía completa / _cRamón Eloy Abreu Luna. |
| 260 |
_aSanto Domingo : _bSantuario, _c2012. |
||
| 300 |
_a210 p. : _bil. ; _c23 cm. |
||
| 580 | _aPremio de poesía 150 aniversario Jarabacoa 2008 | ||
| 999 |
_c26428 _d26428 |
||